Computer applications to chemical engineering: process design and simulation

Gorde:
Xehetasun bibliografikoak
Egile Nagusiak: Squires, Robert G (Egilea), Reklaitis, G. V (Egilea)
Formatua: Liburua
Hizkuntza:ingelesa
Argitaratua: Washington, D.C American Chemical Society 1980
Saila:ACS Symposium Series, 124
Gaiak:
Etiketak: Etiketa erantsi
Etiketarik gabe, Izan zaitez lehena erregistro honi etiketa jartzen!

MARC

LEADER 00000nam a2200000 a 4500
001 UCY6602
003 CL-VaPUC
008 950529e19800000US |||||||||||||||||eng|d
082 0 4 |a 660.281  |b SQU  |2 21 
100 0 |a Squires, Robert G  |e author  |9 336616 
700 0 |a Reklaitis, G. V  |e author  |9 336617 
245 1 0 |a Computer applications to chemical engineering: process design and simulation 
300 |a 511 p 
942 |c BK 
945 |d 19950529 00:00:00  |a awong 
260 |a Washington, D.C  |b American Chemical Society  |c 1980 
650 7 |a INGENIERIA QUIMICA  |2 CL-VaPUC  |9 8 
650 0 |a Aplicaciones de computadores  |9 260401 
650 0 |a Procesos industriales  |9 334036 
583 |a last modification  |c 19950529 00:00:00  |k Rodrigo Vera 
490 0 |a ACS Symposium Series, 124 
999 |c 234158  |d 234156 
952 |0 0  |1 0  |4 0  |6 660_281000000000000_SQU_1980  |7 0  |8 A  |9 240194  |a BIBING  |b BIBING  |d 2019-11-18  |i 3086437  |o 660.281 SQU 1980  |p 3086437  |r 2025-01-20  |w 2019-11-18  |y BK  |k EIQ